书目信息 |
| 题名: |
7步, 做好面试准备
|
|
| 作者: | 权锡哲 编著 | |
| 分册: | ||
| 出版信息: | 北京 人民邮电出版社 2009.05 |
|
| 页数: | 129页 | |
| 开本: | 24cm | |
| 丛书名: | 弗布克面试经典系列 | |
| 单 册: | ||
| 中图分类: | C913.2 | |
| 科图分类: | ||
| 主题词: | 职业选择--zhi ye xuan zhai--基本知识 | |
| 电子资源: | ||
| ISBN: | 978-7-115-20670-1 | |
| 000 | 00883nam 2200241 450 | |
| 001 | 052009 | |
| 005 | 20100531145830.21 | |
| 010 | @a978-7-115-20670-1@dCNY19.80 | |
| 100 | @a20100515d2009 ekmy0chiy0121 ea | |
| 101 | 0 | @achi |
| 102 | @aCN@b110000 | |
| 105 | @aa z 000yy | |
| 200 | 1 | @a7步, 做好面试准备@A7bu zuo hao mian shi zhun bei@f权锡哲编著 |
| 210 | @a北京@c人民邮电出版社@d2009.05 | |
| 215 | @a129页@c图@d24cm | |
| 225 | 2 | @a弗布克面试经典系列@Afu bu ke mian shi jing dian xi lie |
| 330 | @a本书从了解自己、分析企业、解读职位、改进简历、了解求职渠道、准备面试问题、熟悉面试礼仪共7个方面详细叙述了面试所要做的各项准备, 让求职者在面试之前做到“一切准备就绪”。 | |
| 410 | 0 | @12001 @a弗布克面试经典系列 |
| 606 | 0 | @a职业选择@Azhi ye xuan zhai@x基本知识 |
| 690 | @aC913.2@v4 | |
| 701 | 0 | @a权锡哲@Aquan xi zhe@4编著 |
| 801 | 0 | @aCN@c20100515 |
| 905 | @dC913.2@eQ857@f3 | |
| 7步, 做好面试准备/权锡哲编著.-北京:人民邮电出版社,2009.05 |
| 129页:图;24cm.-(弗布克面试经典系列) |
| ISBN 978-7-115-20670-1:CNY19.80 |
| 本书从了解自己、分析企业、解读职位、改进简历、了解求职渠道、准备面试问题、熟悉面试礼仪共7个方面详细叙述了面试所要做的各项准备, 让求职者在面试之前做到“一切准备就绪”。 |
| ● |
| 相关链接 |
|
|
|
正题名:7步, 做好面试准备
索取号:C913.2/Q857
 
预约/预借
| 序号 | 登录号 | 条形码 | 馆藏地/架位号 | 状态 | 备注 |